[Event "DVM U14 2014"]
[Site "Regensburg GER"]
[Date "2014.12.28"]
[Round "3"]
[White "Buchloh, Falk"]
[Black "Nguyen Dang, Lukas"]
[Result "0-1"]
[Termination "normal"]
[Board "2.4"]
[WhiteElo "1558"]
[BlackElo "1582"]
[WhiteClock "00:10:08"]
[BlackClock "00:16:05"]
[WhiteTeam "Hagener SV"]
[BlackTeam "SK König Plauen"]
[PlyCount "52"]
[WhiteFideId "12960691"]
[BlackFideId "12957135"]
[EventCountry "GER"]
[EventRounds "7"]
[EventType "team-swiss"]
[EventDate "2014.12.26"]

1. d4 {[%clk 1:30:56]} Nf6 {[%clk 1:30:32]} 2. Nc3 {[%clk 1:31:04]} d5 {[%clk
1:26:52]} 3. g3 {[%clk 1:23:52]} e6 {[%clk 1:26:41]} 4. Bg2 {[%clk 1:23:21]}
Bb4 {[%clk 1:26:46]} 5. Bd2 {[%clk 1:22:01]} Nc6 {[%clk 1:18:50]} 6. Nf3 {[%clk
1:18:21]} O-O {[%clk 1:18:17]} 7. O-O {[%clk 1:18:30]} a6 {[%clk 1:14:06]} 8.
e3 {[%clk 1:15:43]} b5 {[%clk 1:04:45]} 9. Ne2 {[%clk 1:10:48]} Bd6 {[%clk
0:59:48]} 10. Nf4 {[%clk 0:59:22]} Bb7 {[%clk 0:48:59]} 11. Nd3 {[%clk
0:50:30]} Ne4 {[%clk 0:47:50]} 12. b4 {[%clk 0:47:29]} a5 {[%clk 0:42:54]} 13.
Nc5 {[%clk 0:36:44]} Bxc5 14. bxc5 {[%clk 0:35:58]} b4 {[%clk 0:39:53]} 15. a3
{[%clk 0:33:57]} Ba6 {[%clk 0:39:09]} 16. Re1 {[%clk 0:33:43]} Qf6 {[%clk
0:29:12]} 17. Bf1 {[%clk 0:30:21]} Bxf1 {[%clk 0:22:34]} 18. Rxf1 {[%clk
0:29:35]} Rfb8 {[%clk 0:21:02]} 19. Kg2 {[%clk 0:23:13]} a4 {[%clk 0:20:05]}
20. axb4 {[%clk 0:16:25]} Nxb4 {[%clk 0:19:56]} 21. c3 {[%clk 0:15:58]} Nd3
{[%clk 0:16:05]} 22. Rxa4 {[%clk 0:15:56]} Nb2 {[%clk 0:15:06]} 23. Rxa8 {[%clk
0:16:07]} Rxa8 {[%clk 0:15:35]} 24. Qb3 {[%clk 0:14:12]} Qxf3+ {[%clk 0:15:53]}
25. Kg1 {[%clk 0:10:51]} Nxd2 {[%clk 0:15:39]} 26. Ra1 {[%clk 0:10:08]} Rxa1+
{[%clk 0:16:05]} 0-1

[Event "DVM U14 2014"]
[Site "Regensburg GER"]
[Date "2014.12.28"]
[Round "3"]
[White "Browning, Alex"]
[Black "Killgus, Leonard"]
[Result "1/2-1/2"]
[Termination "normal"]
[Board "3.1"]
[WhiteElo "1753"]
[BlackElo "1724"]
[WhiteTeam "Märkischer Springer Halver-Schalksmühle"]
[BlackTeam "SK Johanneum Eppendorf"]
[PlyCount "34"]
[WhiteFideId "12984019"]
[BlackFideId "12922021"]
[EventCountry "GER"]
[EventRounds "7"]
[EventType "team-swiss"]
[EventDate "2014.12.26"]

1. e4 {[%emt 0:00:00]} c5 2. Nf3 e6 3. d4 cxd4 4. Nxd4 a6 5. Bd3 Nf6 6. O-O Qc7
7. c4 d6 8. Nc3 Nbd7 9. Qe2 g6 10. Rd1 Bg7 11. Bd2 O-O 12. h3 b6 13. Nf3 Ne5
14. Nxe5 dxe5 15. Be3 Nd7 16. Rac1 Bb7 17. b4 f5 {nicht nachvollziehbar}
1/2-1/2

[Event "DVM U14 2014"]
[Site "Regensburg GER"]
[Date "2014.12.28"]
[Round "3"]
[White "Keyser, Robin"]
[Black "Kölz, Niklas"]
[Result "1-0"]
[Termination "normal"]
[Board "3.2"]
[WhiteElo "1752"]
[BlackElo "1719"]
[WhiteTeam "SK Johanneum Eppendorf"]
[BlackTeam "Märkischer Springer Halver-Schalksmühle"]
[PlyCount "115"]
[WhiteFideId "12986429"]
[BlackFideId "12971758"]
[EventCountry "GER"]
[EventRounds "7"]
[EventType "team-swiss"]
[EventDate "2014.12.26"]

1. d4 Nf6 2. c4 e6 3. Nf3 Bb4+ 4. Bd2 Qe7 5. g3 Nc6 6. Bg2 O-O 7. O-O Bxd2 8.
Qxd2 d6 9. Nc3 a6 10. e4 e5 11. d5 Nb8 12. b4 Nbd7 13. Rfc1 Nb6 14. Qe2 Bd7 15.
Nd2 c6 16. Nb3 cxd5 17. exd5 Na4 18. Nxa4 Bxa4 19. c5 Bxb3 20. axb3 Rfc8 21. c6
b5 22. Ra2 Ne8 23. Bh3 Rcb8 24. Rc3 Nc7 25. Qe4 g6 26. Re3 f5 27. Qd3 Qf6 28.
Bg2 Re8 29. Qc3 Qg7 30. Rae2 e4 31. Qxg7+ Kxg7 32. Rd2 Re5 33. Re1 Rxd5 34.
Rxd5 Nxd5 35. Rd1 Nxb4 36. Rxd6 Rc8 37. Rd7+ Kf8 38. c7 Ke8 39. Rxh7 Nd5 40.
Rg7 Ne7 41. g4 Rxc7 42. Kf1 Nd5 43. Rxc7 Nxc7 44. gxf5 gxf5 45. Bh3 Nd5 46.
Bxf5 e3 47. Bg6+ Ke7 48. fxe3 Nxe3+ 49. Ke2 Nd5 50. Be4 Nf4+ 51. Ke3 Ne6 {(=)}
52. b4 Nd8 53. Kd4 Kd6 54. Bd5 Kc7 55. h4 Kb6 56. h5 a5 57. bxa5+ Kxa5 58. h6
1-0

[Event "DVM U14 2014"]
[Site "Regensburg GER"]
[Date "2014.12.28"]
[Round "3"]
[White "Browning, Rebecca"]
[Black "Keyser, Philipp"]
[Result "0-1"]
[Termination "normal"]
[Board "3.3"]
[WhiteElo "1471"]
[BlackElo "1643"]
[WhiteTeam "Märkischer Springer Halver-Schalksmühle"]
[BlackTeam "SK Johanneum Eppendorf"]
[PlyCount "114"]
[WhiteFideId "12984027"]
[BlackFideId "12986437"]
[EventCountry "GER"]
[EventRounds "7"]
[EventType "team-swiss"]
[EventDate "2014.12.26"]

1. d4 {[%emt 0:00:00]} Nf6 2. Nf3 g6 3. Bf4 Bg7 4. e3 O-O 5. Bd3 b6 6. Nbd2 Bb7
7. Qe2 c5 8. c3 d6 9. O-O Nbd7 10. h3 Rc8 11. Rac1 Rc7 12. e4 Qc8 13. d5 Re8
14. c4 Nh5 15. Bh2 Bxb2 16. Rb1 Bg7 17. e5 Nxe5 18. Nxe5 dxe5 19. Bxe5 Bxe5 20.
Qxe5 Qd8 21. Rfe1 Nf6 22. Ne4 Nxe4 23. Rxe4 Bc8 24. Re3 Rf8 25. Rbe1 Qd6 26.
Qg5 Qf6 27. Qxf6 exf6 28. Re7 Rd7 29. Rxd7 Bxd7 30. Re7 Rd8 31. Bc2 Kf8 32. Re3
Bc8 33. Rf3 f5 34. Ra3 Rd7 35. Ba4 Rd6 36. Bb5 a5 37. Rb3 Ke7 38. Re3+ Kf6 39.
Re8 Bd7 40. Bxd7 Rxd7 41. Rc8 Ke5 42. Rc6 Kd4 43. Rxb6 Kxc4 44. Ra6 Kb5 45. Rf6
Rxd5 46. Rxf7 Rd1+ 47. Kh2 Rd2 48. a3 Rxf2 49. Rb7+ Ka4 50. Rc7 Rc2 51. Rxh7
Kxa3 52. Rh6 c4 53. Rxg6 c3 54. Kg1 Rd2 55. Rc6 c2 56. Kf1 Rd1+ 57. Ke2 c1=Q
0-1

[Event "DVM U14 2014"]
[Site "Regensburg GER"]
[Date "2014.12.28"]
[Round "3"]
[White "Neumann, Oskar"]
[Black "Sailer, Tom"]
[Result "1/2-1/2"]
[Termination "normal"]
[Board "3.4"]
[WhiteElo "1457"]
[BlackElo "1333"]
[WhiteTeam "SK Johanneum Eppendorf"]
[BlackTeam "Märkischer Springer Halver-Schalksmühle"]
[PlyCount "95"]
[WhiteFideId "12974218"]
[BlackFideId "16200675"]
[EventCountry "GER"]
[EventRounds "7"]
[EventType "team-swiss"]
[EventDate "2014.12.26"]

1. e4 e6 2. d4 d5 3. Nd2 Bb4 4. c3 Bd6 5. Bd3 c5 6. e5 Bc7 7. Ne2 Bd7 8. O-O
Nc6 9. Nf3 h6 10. Bf4 Qe7 11. Bg3 O-O-O 12. Qd2 Rf8 13. b3 f6 14. Rfc1 fxe5 15.
dxe5 g5 16. a4 Kb8 17. a5 Bxa5 18. Bb5 Qd8 19. Qb2 Bb6 20. Qa3 Nge7 21. Rc2 Bc8
22. Nc1 Qc7 23. Nd3 a6 24. Bxc6 Qxc6 25. b4 c4 26. Nde1 Nf5 27. Rb2 Qb5 28. Nc2
Rd8 29. Ncd4 Nxd4 30. Nxd4 Bxd4 31. cxd4 Bd7 32. Qc3 Qb6 33. h3 Kc7 34. f3 Ra8
35. Be1 Qc6 36. Ra5 b6 37. Ra3 Rhb8 38. Rb1 Ra7 39. Qa1 Qb5 40. Bc3 Rf8 41. Rb2
Raa8 42. Rba2 Kb7 43. Kh2 Be8 44. g3 Bg6 45. Kg2 h5 46. g4 Rfe8 47. Bd2 hxg4
48. hxg4 1/2-1/2

[Event "DVM U14 2014"]
[Site "Regensburg GER"]
[Date "2014.12.28"]
[Round "3"]
[White "Biastoch, Bennet"]
[Black "Tong, Kevin"]
[Result "1/2-1/2"]
[Termination "normal"]
[Board "4.1"]
[WhiteElo "1940"]
[BlackElo "1857"]
[WhiteTeam "SG Aufbau Elbe Magdeburg"]
[BlackTeam "SC Erlangen"]
[PlyCount "87"]
[WhiteFideId "12939889"]
[BlackFideId "12913944"]
[EventCountry "GER"]
[EventRounds "7"]
[EventType "team-swiss"]
[EventDate "2014.12.26"]

1. e4 {[%emt 0:00:00]} c5 {[%emt 0:00:00]} 2. Nf3 Nc6 3. d4 cxd4 4. Nxd4 g6 5.
c4 Bg7 6. Be3 Nf6 7. Nc3 O-O 8. Be2 d6 9. O-O Nxd4 10. Bxd4 Bd7 11. Rc1 Bc6 12.
f3 a5 13. Kh1 Nd7 14. Nd5 Re8 15. b3 Nc5 16. Qd2 Bxd5 17. cxd5 Bxd4 18. Qxd4
Qd7 19. Rc3 Rec8 20. Rfc1 Rc7 21. h3 Rac8 22. Kg1 b5 23. Kf2 b4 24. R3c2 f5 25.
Rc4 fxe4 26. fxe4 e5 27. dxe6 Qxe6 28. Rd1 Rf8+ 29. Bf3 Re7 30. Kg1 Rf6 31. Re1
Qe5 32. Rd1 Kf7 33. Qd5+ Kf8 34. Qa8+ Kg7 35. Qd5 Kf8 36. Qa8+ Kg7 37. Qd5 Kf8
38. Qxe5 Rxe5 39. Rdd4 Ke7 40. Kf2 Rf8 41. Ke3 Rf6 42. Rc2 Rf8 43. Rcd2 Rf6 44.
Rc2 1/2-1/2

[Event "DVM U14 2014"]
[Site "Regensburg GER"]
[Date "2014.12.28"]
[Round "3"]
[White "Haas, Maximilian"]
[Black "Roseneck, Jonas"]
[Result "1-0"]
[Termination "normal"]
[Board "4.2"]
[WhiteElo "1708"]
[BlackElo "1850"]
[WhiteTeam "SC Erlangen"]
[BlackTeam "SG Aufbau Elbe Magdeburg"]
[PlyCount "59"]
[WhiteFideId "12959219"]
[BlackFideId "12939870"]
[EventCountry "GER"]
[EventRounds "7"]
[EventType "team-swiss"]
[EventDate "2014.12.26"]

1. e4 {[%emt 0:00:00]} c5 2. Nf3 d6 3. d4 cxd4 4. Nxd4 Nf6 5. Nc3 a6 6. Rg1 e5
7. Nb3 Be6 8. g4 Nc6 9. g5 Nd7 10. f4 exf4 11. Bxf4 Nde5 12. Rg3 Be7 13. Qd2
Ng6 14. h4 Nxf4 15. Qxf4 Ne5 16. Nd4 Qb6 17. Nf5 Bf8 18. O-O-O g6 19. Ne3 Bg7
20. Ned5 Qd8 21. Nf6+ Bxf6 22. gxf6 Qa5 23. Rxd6 Rd8 24. Rxd8+ Kxd8 25. Rg5 Kc8
26. Qxe5 b5 27. Qd6 Rd8 28. Rc5+ Kb7 29. Qc6+ Kb8 30. Bg2 1-0

[Event "DVM U14 2014"]
[Site "Regensburg GER"]
[Date "2014.12.28"]
[Round "3"]
[White "Lellek, Lewin Louis"]
[Black "Tschammer, Kai"]
[Result "1/2-1/2"]
[Termination "normal"]
[Board "4.3"]
[WhiteElo "1541"]
[BlackElo "1637"]
[WhiteTeam "SG Aufbau Elbe Magdeburg"]
[BlackTeam "SC Erlangen"]
[PlyCount "66"]
[WhiteFideId "12971820"]
[BlackFideId "12939099"]
[EventCountry "GER"]
[EventRounds "7"]
[EventType "team-swiss"]
[EventDate "2014.12.26"]

1. e4 e5 2. Nf3 Nc6 3. Bc4 Nf6 4. Ng5 d5 5. exd5 Na5 6. Bb5+ c6 7. dxc6 bxc6 8.
Qf3 Rb8 9. Bd3 Bd6 10. O-O Bg4 11. Qe3 Nd5 12. Qg3 Qxg5 13. f3 Rb4 14. Nc3 Qh5
15. Ne4 Bc7 16. fxg4 Qh6 17. a3 Rb8 18. b4 Nb7 19. Bb2 Nf4 20. Rae1 O-O 21. Nf2
e4 22. g5 Qe6 23. Rxe4 Ne2+ 24. Rxe2 Bxg3 25. Rxe6 Bxf2+ 26. Rxf2 fxe6 27. Re2
Rbe8 28. Bd4 a5 29. Ba6 Rf7 30. c3 Rc7 31. bxa5 Nxa5 32. Bb6 Rd7 33. d4 Ra8
1/2-1/2

[Event "DVM U14 2014"]
[Site "Regensburg GER"]
[Date "2014.12.28"]
[Round "3"]
[White "Buzatu, Alexander"]
[Black "Kirsten, Annika"]
[Result "0-1"]
[Termination "normal"]
[Board "4.4"]
[WhiteElo "1428"]
[BlackElo "1428"]
[WhiteTeam "SC Erlangen"]
[BlackTeam "SG Aufbau Elbe Magdeburg"]
[PlyCount "146"]
[WhiteFideId "12983560"]
[BlackFideId "12961124"]
[EventCountry "GER"]
[EventRounds "7"]
[EventType "team-swiss"]
[EventDate "2014.12.26"]

1. Nf3 {[%emt 0:00:00]} Nf6 {[%emt 0:00:00]} 2. b4 g6 3. Bb2 Bg7 4. e3 O-O 5.
Be2 d5 6. O-O e6 7. d4 Nc6 8. a3 Nd7 9. Bb5 Ne7 10. Bd3 f5 11. Nbd2 a6 12. c4
c5 13. Qc2 cxb4 14. axb4 Nf6 15. c5 Bd7 16. Qb3 Ne4 17. Bxe4 fxe4 18. Ne5 Nf5
19. f3 exf3 20. Rxf3 Bb5 21. Nb1 Qc7 22. Na3 Bc6 23. Nxc6 Qxc6 24. b5 axb5 25.
Qxb5 Rxa3 26. Qxc6 Rxa1+ 27. Bxa1 bxc6 28. Bc3 Ra8 29. Kf1 Ra2 30. g4 Rxh2 31.
gxf5 exf5 32. Rf2 Rxf2+ 33. Kxf2 Kf7 34. Kf3 g5 35. Be1 h5 36. Bf2 Kf6 37. Bg3
h4 38. Bh2 Bh6 39. Be5+ Kg6 40. Kg2 Kf7 41. Kf2 Ke6 42. Kg2 Kd7 43. Kf2 Kc8 44.
Kf1 Kd7 45. Kg2 Ke6 46. Kf2 f4 47. exf4 gxf4 48. Bc7 Kf5 49. Kf3 h3 50. Be5 h2
51. Kg2 h1=Q+ 52. Kxh1 Ke4 53. Kg1 f3 54. Kf2 Be3+ 55. Kg3 Bxd4 56. Bxd4 Kxd4
57. Kxf3 Kd3 58. Kf4 d4 59. Ke5 Kc3 60. Kd6 d3 61. Kxc6 d2 62. Kc7 d1=Q 63. c6
Qd5 64. Kb6 Qb3+ 65. Ka7 Qa4+ 66. Kb7 Qb5+ 67. Kc7 Kc4 68. Kd6 Qd5+ 69. Kc7 Kc5
70. Kb8 Qxc6 71. Ka7 Qb5 72. Ka8 Kc6 73. Ka7 Qb7# 0-1

[Event "DVM U14 2014"]
[Site "Regensburg GER"]
[Date "2014.12.28"]
[Round "3"]
[White "Schnabel, Bennett"]
[Black "Wendler, David"]
[Result "1/2-1/2"]
[Termination "normal"]
[Board "5.1"]
[WhiteElo "1841"]
[BlackElo "1776"]
[WhiteTeam "Treptower SV 1949"]
[BlackTeam "SK Bebenhausen"]
[PlyCount "61"]
[WhiteFideId "12943290"]
[BlackFideId "12938360"]
[EventCountry "GER"]
[EventRounds "7"]
[EventType "team-swiss"]
[EventDate "2014.12.26"]

1. e4 c5 2. c3 Nf6 3. e5 Nd5 4. d4 cxd4 5. cxd4 d6 6. Nf3 Nc6 7. Bc4 Nb6 8. Bb5
dxe5 9. Nxe5 Bd7 10. Bxc6 Bxc6 11. Nxc6 bxc6 12. O-O e6 13. Nc3 Be7 14. Be3 O-O
15. Rc1 Nd5 16. Qe2 Nxe3 17. fxe3 c5 18. Rfd1 cxd4 19. exd4 Bg5 20. Rc2 Qb6 21.
Kh1 Rfd8 22. d5 exd5 23. Nxd5 Qe6 24. Qf3 Re8 25. h3 Rac8 26. Nc7 Qe7 27. Nxe8
Rxc2 28. Qa8 Qf8 29. Re1 Bf4 30. Qe4 Rc1 31. Rxc1 1/2-1/2

[Event "DVM U14 2014"]
[Site "Regensburg GER"]
[Date "2014.12.28"]
[Round "3"]
[White "Grimm, Ling Leander"]
[Black "Hesse, Henrik"]
[Result "0-1"]
[Termination "normal"]
[Board "5.2"]
[WhiteElo "1668"]
[BlackElo "1704"]
[WhiteTeam "SK Bebenhausen"]
[BlackTeam "Treptower SV 1949"]
[PlyCount "56"]
[WhiteFideId "12968277"]
[BlackFideId "12952060"]
[EventCountry "GER"]
[EventRounds "7"]
[EventType "team-swiss"]
[EventDate "2014.12.26"]

1. c4 Nf6 2. Nf3 g6 3. Nc3 Bg7 4. g3 d6 5. Bg2 e5 6. d3 O-O 7. O-O Nc6 8. Rb1
a5 9. a3 Be6 10. b4 axb4 11. axb4 e4 12. Nd2 e3 13. Nf3 exf2+ 14. Kh1 d5 15.
Ng5 dxc4 16. Nxe6 fxe6 17. dxc4 Qxd1 18. Nxd1 Ng4 19. Bf4 e5 20. Bd5+ Kh8 21.
Bg5 h6 22. Bc1 Ra2 23. Nc3 Rc2 24. Nb5 Rxe2 25. Kg2 Re1 26. Bxh6 Rxb1 27. Rxb1
Bxh6 28. Bf3 f1=Q+ 0-1

[Event "DVM U14 2014"]
[Site "Regensburg GER"]
[Date "2014.12.28"]
[Round "3"]
[White "Petersen, Marcel"]
[Black "De Rentiis, Davide Luca"]
[Result "1/2-1/2"]
[Termination "normal"]
[Board "5.3"]
[WhiteElo "1580"]
[BlackElo "1226"]
[WhiteTeam "Treptower SV 1949"]
[BlackTeam "SK Bebenhausen"]
[PlyCount "111"]
[WhiteFideId "12935670"]
[BlackFideId "12967050"]
[EventCountry "GER"]
[EventRounds "7"]
[EventType "team-swiss"]
[EventDate "2014.12.26"]

1. e4 c5 2. Nf3 Nc6 3. d4 cxd4 4. Nxd4 g6 5. Nc3 Bg7 6. Be3 Nf6 7. Bc4 O-O 8.
Bb3 d6 9. f3 Bd7 10. Qd2 Rc8 11. g4 Ne5 12. h4 a5 13. h5 a4 14. Bd5 Nxd5 15.
Nxd5 Nc4 16. Qf2 Nxe3 17. Qxe3 e6 18. Nc3 Qb6 19. O-O-O Rc4 20. Nf5 Qxe3+ 21.
Nxe3 Bh6 22. Rd3 Rb4 23. a3 Rb6 24. Kb1 Bg7 25. Rhd1 Bxc3 26. Rxc3 Rd8 27. Nc4
Rc6 28. Rxd6 Rxd6 29. Nxd6 Bc6 30. Rd3 Kg7 31. h6+ Kf6 32. g5+ Ke7 33. e5 Ra8
34. f4 Ra5 35. Nc8+ Ke8 36. Nb6 Be4 37. Rc3 Kd8 38. Rc8+ Ke7 39. Rc7+ Ke8 40.
Nc4 Rd5 41. Nd6+ Kd8 42. Rxf7 Rd1+ 43. Ka2 Bd5+ 44. c4 Bf3 45. Rxh7 Be2 46.
Rxb7 Bd3 47. b4 Rd2+ 48. Ka1 Rc2 49. Rb8+ Kd7 50. c5 Rc1+ 51. Kb2 Rc2+ 52. Kb1
Rc3+ 53. Kb2 Rc2+ 54. Ka1 Rc1+ 55. Ka2 Rc2+ 56. Kb1 1/2-1/2

[Event "DVM U14 2014"]
[Site "Regensburg GER"]
[Date "2014.12.28"]
[Round "3"]
[White "Greitmann, Niklas"]
[Black "Hüls, Maximilian"]
[Result "0-1"]
[Termination "normal"]
[Board "5.4"]
[WhiteElo "1123"]
[BlackElo "1622"]
[WhiteTeam "SK Bebenhausen"]
[BlackTeam "Treptower SV 1949"]
[PlyCount "50"]
[WhiteFideId "16200705"]
[BlackFideId "12949698"]
[EventCountry "GER"]
[EventRounds "7"]
[EventType "team-swiss"]
[EventDate "2014.12.26"]

1. c4 e6 2. g3 d5 3. cxd5 exd5 4. Bg2 f5 5. Nf3 Nf6 6. O-O Bd6 7. d3 O-O 8. Nc3
c6 9. a3 Nbd7 10. b4 a6 11. Qb3 Qe7 12. Bd2 Ne5 13. Nxe5 Bxe5 14. f4 Bd4+ 15.
Kh1 Be6 16. Qc2 Ng4 17. Bc1 Nf2+ 18. Rxf2 Bxf2 19. e3 Be1 20. Na2 d4 21. exd4
Bf7 22. Kg1 Rfe8 23. Kf1 Bxg3 24. Qd1 Qe1+ 25. Qxe1 Rxe1# 0-1

[Event "DVM U14 2014"]
[Site "Regensburg GER"]
[Date "2014.12.28"]
[Round "3"]
[White "Herrmann, Luca"]
[Black "Hofmann, Rares"]
[Result "0-1"]
[Termination "normal"]
[Board "6.1"]
[WhiteElo "1554"]
[BlackElo "2039"]
[WhiteTeam "SC Tarrasch München"]
[BlackTeam "TuS Coswig 1920"]
[PlyCount "45"]
[WhiteFideId "2811834"]
[BlackFideId "12976440"]
[EventCountry "GER"]
[EventRounds "7"]
[EventType "team-swiss"]
[EventDate "2014.12.26"]

1. d4 {[%emt 0:00:00]} Nf6 2. c4 e6 3. g3 d5 4. Nf3 dxc4 5. Bg2 a6 6. a4 c5 7.
O-O Nc6 8. dxc5 Qxd1 9. Rxd1 Bxc5 10. Nbd2 c3 11. bxc3 O-O 12. Nb3 Ba7 13. c4
e5 14. c5 Be6 15. Rb1 Rab8 16. Ba3 Rfc8 17. e3 Rd8 18. Rd6 Ne8 19. Rxd8 Rxd8
20. Ng5 Bd5 21. Bxd5 Rxd5 22. Ne4 {nicht nachvollziehbar} Nf6 23. Nd6 0-1

[Event "DVM U14 2014"]
[Site "Regensburg GER"]
[Date "2014.12.28"]
[Round "3"]
[White "Kunath, Tim"]
[Black "Klenk, Sofie"]
[Result "1-0"]
[Termination "normal"]
[Board "6.2"]
[WhiteElo "1699"]
[BlackElo "1817"]
[WhiteTeam "TuS Coswig 1920"]
[BlackTeam "SC Tarrasch München"]
[PlyCount "73"]
[WhiteFideId "12985074"]
[BlackFideId "12996653"]
[EventCountry "GER"]
[EventRounds "7"]
[EventType "team-swiss"]
[EventDate "2014.12.26"]

1. e4 e6 2. d4 d5 3. Nd2 c5 4. exd5 exd5 5. Ngf3 Nf6 6. Bb5+ Bd7 7. Bxd7+ Qxd7
8. O-O Nc6 9. Re1+ Be7 10. dxc5 O-O 11. Nb3 Ne4 12. Rxe4 dxe4 13. Qxd7 Rad8 14.
Qxd8 Rxd8 15. Ne1 Nb4 16. Be3 f5 17. g3 Kf7 18. c3 Nc6 19. Nd4 g6 20. Nec2 Ne5
21. b4 a6 22. a4 Ra8 23. Nb3 Nd3 24. Ncd4 Rc8 25. Na5 Rc7 26. Nc4 Rc8 27. Nb6
Rd8 28. c6 bxc6 29. Nxc6 Re8 30. Nxe7 Rxe7 31. b5 axb5 32. axb5 Ne5 33. c4 Rc7
34. c5 Nd3 35. c6 Ke6 36. Nc4 Nb4 37. b6 1-0

[Event "DVM U14 2014"]
[Site "Regensburg GER"]
[Date "2014.12.28"]
[Round "3"]
[White "Joebges, Nico"]
[Black "Lehne, Arwin Hugo"]
[Result "1-0"]
[Termination "normal"]
[Board "6.3"]
[WhiteElo "1573"]
[BlackElo "1454"]
[WhiteTeam "SC Tarrasch München"]
[BlackTeam "TuS Coswig 1920"]
[PlyCount "127"]
[WhiteFideId "12992291"]
[BlackFideId "12985090"]
[EventCountry "GER"]
[EventRounds "7"]
[EventType "team-swiss"]
[EventDate "2014.12.26"]

1. e4 {[%emt 0:00:00]} c5 2. Nf3 Nc6 3. Bb5 g6 4. O-O Bg7 5. c3 a6 6. Bxc6 bxc6
7. d3 d5 8. Be3 Qa5 9. Nbd2 Qb5 10. Qc2 Qb6 11. Nb3 Nf6 12. Bxc5 Qc7 13. exd5
cxd5 14. Rfe1 e6 15. Ba3 Bb7 16. Nc5 Bc6 17. Ne5 Nh5 18. Nxc6 Qxc6 19. Qa4 Qxa4
20. Nxa4 Nf4 21. d4 Bf8 22. Bxf8 Kxf8 23. g3 Nh3+ 24. Kg2 Ng5 25. Nc5 h5 26.
Rab1 Kg7 27. b4 Nh7 28. Rb3 Nf6 29. Ra3 Rhc8 30. Rb1 Kf8 {(=)} 31. Rbb3 Ke7 32.
Nxa6 Ne4 33. Nc5 Nd2 34. Rxa8 Rxa8 35. Rb2 Nc4 36. Rc2 Kd6 37. a4 Nb6 38. a5
Nd7 39. Nxd7 Kxd7 40. Rb2 Kc7 {(=)} 41. Kf3 Kb7 42. Kf4 f6 43. Re2 Re8 44. Ke3
Kc6 45. Kd3 Kb5 46. h3 g5 47. f4 gxf4 48. gxf4 Rg8 49. Rxe6 Rg3+ 50. Kc2 Ka4
51. Rxf6 Rg2+ 52. Kd3 Rg3+ 53. Kd2 Kb3 54. Rf5 Rxh3 55. Rxd5 Rh2+ 56. Kd3 h4
57. a6 Rh1 58. a7 Ra1 59. Ra5 Rd1+ 60. Ke4 h3 61. a8=Q h2 62. Ra3+ Kc2 63. Ra2+
Kc1 64. Rxh2 1-0

[Event "DVM U14 2014"]
[Site "Regensburg GER"]
[Date "2014.12.28"]
[Round "3"]
[White "von Koslowski, Wilhelm"]
[Black "Joebges, Julia"]
[Result "0-1"]
[Termination "normal"]
[Board "6.4"]
[WhiteElo "1394"]
[BlackElo "1582"]
[WhiteTeam "TuS Coswig 1920"]
[BlackTeam "SC Tarrasch München"]
[PlyCount "76"]
[WhiteFideId "12985147"]
[BlackFideId "12983446"]
[EventCountry "GER"]
[EventRounds "7"]
[EventType "team-swiss"]
[EventDate "2014.12.26"]

1. e4 e6 2. d4 d5 3. Nd2 Nf6 4. exd5 exd5 5. Bd3 Bd6 6. Ne2 O-O 7. O-O Bg4 8.
Re1 c6 9. c3 Qc7 10. h3 Bh5 11. Qc2 Re8 12. Nf1 Nbd7 13. Neg3 Rxe1 14. Nxh5
Nxh5 15. Bxh7+ Kh8 16. Bd3 Ree8 17. Bd2 c5 18. Qd1 Nhf6 19. Qf3 cxd4 20. cxd4
Qb6 21. Bc3 Bb4 22. Rb1 Bxc3 23. bxc3 Qc7 24. Ne3 Qxc3 25. Nf5 Re1+ 26. Rxe1
Qxe1+ 27. Kh2 Qe6 28. Qg3 g6 29. Nh4 Ne4 30. Qe3 Kg7 31. f3 Nd6 32. Qg5 Rh8 33.
g3 Nb6 34. Qf4 Qf6 35. Qg4 Nbc4 36. f4 Qxd4 37. Bxg6 fxg6 38. Nxg6 Qb2+ 0-1

[Event "DVM U14 2014"]
[Site "Regensburg GER"]
[Date "2014.12.28"]
[Round "3"]
[White "Kroschel, Anton"]
[Black "Roos, Jonas"]
[Result "0-1"]
[Termination "normal"]
[Board "7.1"]
[WhiteElo "1658"]
[BlackElo "1736"]
[WhiteTeam "Lübecker SV"]
[BlackTeam "SC Porta Westfalica"]
[PlyCount "24"]
[WhiteFideId "12969834"]
[BlackFideId "16200721"]
[EventCountry "GER"]
[EventRounds "7"]
[EventType "team-swiss"]
[EventDate "2014.12.26"]

1. Nf3 {[%emt 0:00:00]} c5 2. c4 Nc6 3. d4 cxd4 4. Nxd4 g6 5. b3 Bg7 6. Bb2
Qa5+ 7. Bc3 Qb6 8. e3 Nf6 9. Bd3 O-O 10. O-O d5 11. Nd2 Ne5 12. N4f3 Nxd3 {
nicht nachvollziehbar} 0-1

[Event "DVM U14 2014"]
[Site "Regensburg GER"]
[Date "2014.12.28"]
[Round "3"]
[White "Gomolinsky, Phil"]
[Black "Bosselmann, Tom Linus"]
[Result "1-0"]
[Termination "normal"]
[Board "7.2"]
[WhiteElo "1527"]
[BlackElo "1623"]
[WhiteTeam "SC Porta Westfalica"]
[BlackTeam "Lübecker SV"]
[PlyCount "101"]
[WhiteFideId "16200730"]
[BlackFideId "12983845"]
[EventCountry "GER"]
[EventRounds "7"]
[EventType "team-swiss"]
[EventDate "2014.12.26"]

1. e4 c5 2. c3 d5 3. exd5 Qxd5 4. d4 Nf6 5. Be3 e6 6. Nf3 Nc6 7. Bd3 cxd4 8.
cxd4 Bb4+ 9. Nc3 Qa5 10. Bd2 Qd8 11. a3 Ba5 12. Bg5 O-O 13. Bb1 h6 14. Bh4 Re8
15. O-O Bxc3 16. bxc3 e5 17. dxe5 Nxe5 18. Nxe5 Qxd1 19. Rxd1 Rxe5 20. Rd8+ Ne8
21. f4 Re3 22. Kf2 Re6 23. Bf5 Kf8 24. Bxe6 fxe6 25. f5 b6 26. fxe6 Bb7 27.
Rad1 Rxd8 28. Bxd8 Bc6 29. Kg3 Bb5 30. Rd7 a6 31. Bxb6 Nf6 32. Rf7+ Ke8 33. Kf2
Ne4+ 34. Ke1 Ng5 35. Rxg7 Nxe6 36. Rg6 Nf4 37. Rg4 Nd3+ 38. Kd2 Kf7 39. c4 Ne5
40. Rf4+ Ke6 41. cxb5 axb5 42. Re4 Kf5 43. Rxe5+ Kxe5 44. Kc3 Kd5 45. Kb4 Kc6
46. Be3 h5 47. h4 Kd5 48. Kxb5 Ke4 49. Bg5 Kf5 50. a4 Ke6 51. Kc6 1-0

[Event "DVM U14 2014"]
[Site "Regensburg GER"]
[Date "2014.12.28"]
[Round "3"]
[White "Pommerenke, Kayonzo"]
[Black "Liebelt, Jonas"]
[Result "1/2-1/2"]
[Termination "normal"]
[Board "7.3"]
[WhiteElo "1562"]
[BlackElo "1326"]
[WhiteTeam "Lübecker SV"]
[BlackTeam "SC Porta Westfalica"]
[PlyCount "62"]
[WhiteFideId "12968129"]
[BlackFideId "16200748"]
[EventCountry "GER"]
[EventRounds "7"]
[EventType "team-swiss"]
[EventDate "2014.12.26"]

1. e4 {[%emt 0:00:00]} c5 {[%emt 0:00:00]} 2. Nf3 Nc6 3. Bb5 g6 4. d4 cxd4 5.
Nxd4 Bg7 6. c3 Nf6 7. Nd2 O-O 8. O-O d5 9. Nxc6 bxc6 10. Bxc6 Rb8 11. exd5 Nxd5
12. Nf3 Nf6 13. Qc2 Bf5 14. Qd2 Qc7 15. Ba4 Rfd8 16. Qe2 Bd3 17. Qe1 Qc4 18.
Bb3 Qc7 19. g3 Qb7 20. Bxf7+ Kxf7 21. Ng5+ Ke8 22. Qe6 Qd5 23. Re1 Bf8 24. b3
Qxe6 25. Nxe6 Rd7 26. Bg5 Kf7 27. Rad1 Bb5 28. Rxd7 Bxd7 29. Nc5 Bf5 30. Rd1
Rc8 31. b4 Bg7 1/2-1/2